Les Titres de Joe Dassin avec les initiales - Statistiques

Statistiques générales
  • Ce quiz a été pris 70 fois
  • Le résultat moyen est 7 sur 12
Statistiques - réponses
Initiales Titres % Correct
A T_ A Toi
88%
E_ S_ T_ N'____ P_ Et si tu n'existais pas
88%
L_ C___ - E___ Les Champs-Elysées
77%
L'_ I___ L'Eté Indien
73%
D__ L_ Y__ D'___ Dans les yeux d'Emilie
69%
S___ S_ L_ C____ Siffler sur la colline
69%
L'A_____ L'Amérique
63%
L_ P__ P__ A_ C____ Le Petit pain au chocolat
55%
L'___ A J__ L'Equipe à Jojo
36%
L_ F__ A_ D__ La Fleur aux dents
25%
S_ L_ A____ Salut les amoureux
20%
L_ J___ D_ L_____ Le Jardin du Luxembourg
6%
Aucun quiz correspondant
Distribution des résultats
% des personnes avec chaque résultat
Percentile par nombre de réponses
Votre historique - résultats
Vous n’avez pas pris ce quiz